[Event "AUTO-OPEN-1624"]
[Site "http://www.queenalice.com/game.php?id=620031"]
[Date "2009.7.16"]
[Round "1"]
[White "italomachado"]
[Black "AlphaBeta"]
[Result "0-1"]
[WhiteElo "1548"]
[BlackElo "1923"]

1. e4 e5 2. Qf3 Nf6 3. Bc4 Nc6 4. Nh3 Nd4 5. Qd1 d5 6. exd5 Nxd5 7. c3 Nc6 8.
Qb3 Na5 9. Qb5+ c6 10. Qa4 Nxc4 11. O-O Bxh3 12. Qxc4 Qg5 13. g3 Bxf1 14. Kxf1
Bd6 15. h4 Qh5 16. b4 Qd1+ 17. Kg2 Qxc1 18. b5 Nb6 19. Qf1 Qxf1+ 20. Kxf1 cxb5
21. Na3 Bxa3 22. Re1 f6 23. d4 O-O 24. h5 exd4 25. cxd4 Rfe8 26. Rd1 Rad8 27.
Rd3 Nc4 28. f4 Re3 29. Rd1 Rxg3 30. Kf2 Rh3 31. h6 Rxh6 32. Kf3 Rg6 33. f5 Rg2
34. Kxg2 Ne3+ 35. Kg3 Nxd1 36. Kg4 Rxd4+ 37. Kh5 g6+ 38. Kh6 Rh4# 0-1

[Event "AUTO-OPEN-1624"]
[Site "http://www.queenalice.com/game.php?id=620032"]
[Date "2009.7.16"]
[Round "1"]
[White "AlphaBeta"]
[Black "GEORGESILVA"]
[Result "0-1"]
[WhiteElo "1924"]
[BlackElo "2087"]

1. d4 Nf6 2. c4 d6 3. Nf3 g6 4. Nc3 Bg7 5. Bg5 O-O 6. e3 Bg4 7. Bd3 Nbd7 8. O-O
c6 9. h3 Bxf3 10. Qxf3 Qc7 11. b4 a6 12. c5 e5 13. Bxf6 Nxf6 14. dxe5 dxe5 15.
Ne4 Nd5 16. a3 f5 17. Ng5 e4 18. Ne6 Qe7 19. Qg3 Qxe6 20. Rad1 exd3 21. Rxd3
Rad8 22. Rfd1 Nc3 23. Rxd8 Ne2+ 0-1

[Event "AUTO-OPEN-1624"]
[Site "http://www.queenalice.com/game.php?id=620033"]
[Date "2009.7.16"]
[Round "1"]
[White "GEORGESILVA"]
[Black "AlphaBeta"]
[Result "1-0"]
[WhiteElo "2096"]
[BlackElo "1915"]

1. e4 e5 2. d4 exd4 3. c3 dxc3 4. Nxc3 Nc6 5. Bc4 Bb4 6. Ne2 d6 7. O-O Bg4 8.
Qc2 Nf6 9. Bg5 h6 10. Bh4 Qe7 11. Nd5 Qd8 12. Nxf6+ gxf6 13. Nf4 Be6 14. Nxe6
fxe6 15. Bxe6 Nd4 16. Bf7+ Kxf7 17. Qc4+ Kf8 18. Qxb4 Nc2 19. Qc3 Nxa1 20. Bxf6
Qe8 21. Bxh8 Qxe4 22. Rxa1 Qg6 23. Re1 Re8 24. Bg7+ Kf7 25. Qxc7+ 1-0

[Event "AUTO-OPEN-1639"]
[Site "http://www.queenalice.com/game.php?id=627649"]
[Date "2009.7.30"]
[Round "1"]
[White "zad2"]
[Black "AlphaBeta"]
[Result "1-0"]
[WhiteElo "1709"]
[BlackElo "1715"]

1. e4 e5 2. Nf3 Nc6 3. Bb5 a6 4. Bxc6 dxc6 5. O-O Bg4 6. h3 Bh5 7. c3 Qd3 8. Re1
Bc5 9. Qe2 Qxe2 10. Rxe2 Nf6 11. g4 Bg6 12. Nxe5 1-0

[Event "AUTO-OPEN-1639"]
[Site "http://www.queenalice.com/game.php?id=627650"]
[Date "2009.7.30"]
[Round "1"]
[White "AlphaBeta"]
[Black "zad2"]
[Result "0-1"]
[WhiteElo "1699"]
[BlackElo "1725"]

1. d4 Nf6 2. c4 e6 3. Nf3 Bb4+ 4. Bd2 Bxd2+ 5. Qxd2 O-O 6. Nc3 b6 7. e4 d6 8.
Bd3 Bb7 9. Qf4 g6 10. h3 Nh5 11. Qh6 Nd7 12. Ng5 Ndf6 13. e5 dxe5 0-1

[Event "AUTO-OPEN-1639"]
[Site "http://www.queenalice.com/game.php?id=627677"]
[Date "2009.7.30"]
[Round "1"]
[White "AlphaBeta"]
[Black "hacamarguinho"]
[Result "0-1"]
[WhiteElo "1726"]
[BlackElo "1849"]

1. d4 Nf6 2. c4 e6 3. Nf3 Bb4+ 4. Bd2 Bxd2+ 5. Qxd2 O-O 6. Nc3 b6 7. e4 Bb7 8.
Bd3 Ng4 9. Qf4 Nf6 10. e5 Nh5 11. Qg4 g6 12. Qh3 Nf4 13. Qh6 Nxd3+ 0-1

[Event "AUTO-OPEN-1639"]
[Site "http://www.queenalice.com/game.php?id=627678"]
[Date "2009.7.30"]
[Round "1"]
[White "hacamarguinho"]
[Black "AlphaBeta"]
[Result "1-0"]
[WhiteElo "1837"]
[BlackElo "1738"]

1. e4 e5 2. Nf3 Nc6 3. Bb5 a6 4. Ba4 Nf6 5. O-O Bc5 6. Bxc6 dxc6 7. Nxe5 O-O 8.
d3 Re8 9. Nf3 Bg4 10. Be3 Bxe3 11. fxe3 Qd6 12. Nbd2 Qb4 13. b3 1-0

[Event "AUTO-OPEN-1639"]
[Site "http://www.queenalice.com/game.php?id=627679"]
[Date "2009.7.30"]
[Round "1"]
[White "AlphaBeta"]
[Black "Mikhail_Sanderov"]
[Result "0-1"]
[WhiteElo "1943"]
[BlackElo "1853"]

1. d4 Nf6 2. Nf3 d5 3. c4 c6 4. Nc3 e6 5. Bg5 h6 6. Bh4 dxc4 7. e4 g5 8. Bg3 b5
9. Be2 Bb4 10. O-O Bxc3 11. bxc3 Nxe4 12. Nd2 Nxc3 13. Qe1 Qxd4 14. Nf3 Nxe2+
15. Qxe2 Qd7 16. Rad1 Qe7 0-1

[Event "AUTO-OPEN-1639"]
[Site "http://www.queenalice.com/game.php?id=627680"]
[Date "2009.7.30"]
[Round "1"]
[White "Mikhail_Sanderov"]
[Black "AlphaBeta"]
[Result "1-0"]
[WhiteElo "1888"]
[BlackElo "1821"]

1. e4 e5 2. Nf3 Nc6 3. d4 exd4 4. Nxd4 Bc5 5. Be3 d6 6. Nxc6 bxc6 7. Bxc5 dxc5
8. Qxd8+ Kxd8 9. Bc4 Rb8 10. b3 Nf6 11. Nc3 Be6 12. O-O-O+ Ke7 13. Be2 Rb4 14.
e5 Nd5 15. Ne4 Rxe4 16. Bc4 Nc3 17. Rd3 Nxa2+ 18. Kb2 1-0

[Event "AUTO-ADV-1420"]
[Site "http://www.queenalice.com/game.php?id=627730"]
[Date "2009.7.31"]
[Round "1"]
[White "hacamarguinho"]
[Black "AlphaBeta"]
[Result "1-0"]
[WhiteElo "1810"]
[BlackElo "1765"]

1. e4 e5 2. Nf3 Nc6 3. Bb5 a6 4. Bxc6 dxc6 5. O-O Bg4 6. h3 Bh5 7. d3 Nf6 8. Bg5
h6 9. Bh4 Bc5 10. Nbd2 O-O 11. c3 Ba7 12. Qc2 1-0

[Event "AUTO-ADV-1420"]
[Site "http://www.queenalice.com/game.php?id=627731"]
[Date "2009.7.31"]
[Round "1"]
[White "AlphaBeta"]
[Black "hacamarguinho"]
[Result "0-1"]
[WhiteElo "1751"]
[BlackElo "1824"]

1. d4 Nf6 2. c4 e6 3. Nf3 Bb4+ 4. Bd2 Bxd2+ 5. Qxd2 O-O 6. Nc3 b6 7. e4 Bb7 8.
Bd3 g6 9. O-O d6 10. Qf4 Nbd7 11. e5 Nh5 12. Qg4 Bxf3 0-1

[Event "AUTO-ADV-1420"]
[Site "http://www.queenalice.com/game.php?id=627746"]
[Date "2009.7.31"]
[Round "1"]
[White "spacey"]
[Black "AlphaBeta"]
[Result "1-0"]
[WhiteElo "1865"]
[BlackElo "1621"]

1. e4 e5 2. f4 exf4 3. Nf3 d5 4. exd5 Qxd5 5. Nc3 Qe6+ 6. Be2 Bc5 7. d4 Bb4 8.
O-O Nf6 9. Bb5+ Bd7 10. Re1 Ne4 11. Rxe4 Qxe4 12. Bxd7+ Nxd7 13. Nxe4 O-O-O 14.
c3 Be7 15. Bxf4 f5 16. Ng3 g6 17. Qa4 Nf6 18. Qxa7 Nd7 19. Qa4 1-0

[Event "AUTO-ADV-1420"]
[Site "http://www.queenalice.com/game.php?id=627747"]
[Date "2009.7.31"]
[Round "1"]
[White "AlphaBeta"]
[Black "spacey"]
[Result "0-1"]
[WhiteElo "1615"]
[BlackElo "1871"]

1. d4 e6 2. c4 d5 3. Nf3 Nf6 4. Bg5 Be7 5. e3 O-O 6. Nc3 Nbd7 7. Bd3 c6 8. O-O
dxc4 9. Bxc4 Nd5 10. Bxe7 Qxe7 11. e4 Nxc3 12. bxc3 Nb6 13. Bb3 Rd8 14. e5 Nd5
15. Qd3 Bd7 16. Nd2 Qg5 17. Ne4 Qg6 18. f4 f6 0-1

[Event "AUTO-ADV-1420"]
[Site "http://www.queenalice.com/game.php?id=627757"]
[Date "2009.7.31"]
[Round "1"]
[White "AlphaBeta"]
[Black "volga1"]
[Result "0-1"]
[WhiteElo "1653"]
[BlackElo "1906"]

1. d4 g6 2. c4 Bg7 3. Nf3 d6 4. Nc3 Nd7 5. e4 e6 6. Bd3 Ne7 7. Bg5 h6 8. Bh4 g5
9. Bg3 a6 10. a4 b6 11. a5 Bb7 0-1

[Event "AUTO-MASTER-865"]
[Site "http://www.queenalice.com/game.php?id=627919"]
[Date "2009.7.31"]
[Round "1"]
[White "Rafale2000"]
[Black "AlphaBeta"]
[Result "1-0"]
[WhiteElo "1988"]
[BlackElo "1916"]

1. e4 e5 2. Nf3 Nc6 3. d4 exd4 4. Bc4 Bc5 5. c3 dxc3 6. Bxf7+ Kxf7 7. Qd5+ Ke8
8. Qh5+ g6 9. Qxc5 cxb2 10. Bxb2 Nf6 11. O-O d6 12. Qg5 Rf8 13. Na3 1-0

[Event "AUTO-MASTER-865"]
[Site "http://www.queenalice.com/game.php?id=627920"]
[Date "2009.7.31"]
[Round "1"]
[White "AlphaBeta"]
[Black "Rafale2000"]
[Result "0-1"]
[WhiteElo "1786"]
[BlackElo "2001"]

1. d4 Nf6 2. c4 c5 3. e3 g6 4. Nf3 cxd4 5. exd4 Bg7 6. Nc3 O-O 7. Bd3 d6 8. O-O
Bg4 9. h3 Bd7 10. Re1 Nc6 11. b3 Rc8 12. Bb2 e6 13. Nb5 Ne8 14. Bc2 a6 15. Nc3
Nf6 0-1

[Event "AUTO-MASTER-865"]
[Site "http://www.queenalice.com/game.php?id=627935"]
[Date "2009.7.31"]
[Round "1"]
[White "AlphaBeta"]
[Black "SubRoger"]
[Result "0-1"]
[WhiteElo "1898"]
[BlackElo "1892"]

1. d4 c6 2. c4 d5 3. Nf3 Nf6 4. Bg5 Ne4 5. Bh4 Bf5 6. Nbd2 h6 7. Nxe4 Bxe4 8. e3
Nd7 9. cxd5 Qa5+ 10. Qd2 Qxd2+ 11. Nxd2 Bxd5 12. Bd3 e5 13. dxe5 Nxe5 14. Be2
Bb4 15. a3 Bxd2+ 16. Kxd2 O-O 0-1

[Event "AUTO-MASTER-865"]
[Site "http://www.queenalice.com/game.php?id=627936"]
[Date "2009.7.31"]
[Round "1"]
[White "SubRoger"]
[Black "AlphaBeta"]
[Result "1-0"]
[WhiteElo "1913"]
[BlackElo "1835"]

1. e4 e5 2. Nf3 Nc6 3. Bb5 a6 4. Bxc6 dxc6 5. d4 exd4 6. Qxd4 Qxd4 7. Nxd4 Bd6
8. Be3 Nf6 9. f3 Bc5 10. a3 O-O 11. Nc3 Rd8 12. O-O-O Bxd4 13. Rxd4 Be6 14.
Rxd8+ Rxd8 15. Bg5 1-0

[Event "AUTO-MASTER-865"]
[Site "http://www.queenalice.com/game.php?id=627937"]
[Date "2009.7.31"]
[Round "1"]
[White "AlphaBeta"]
[Black "jsm"]
[Result "0-1"]
[WhiteElo "1609"]
[BlackElo "2074"]

1. d4 c5 2. d5 d6 3. e4 e6 4. Nc3 Nf6 5. dxe6 Bxe6 6. Bg5 Be7 7. Nf3 O-O 8. Bd3
Nbd7 9. O-O a6 10. Re1 Bg4 0-1